000 00535nam a2200181Ia 4500
003 GCL
008 140319s9999 xx 000 0 ara d
040 _aGCL /
_cGCL
082 0 4 _aط
_b813.01
_bل ف
100 1 _aلوسى يعقوب
245 1 0 _aفارس الاحلام /
_cلوسى يعقوب
250 _aد.ط
260 _aالقاهرة :
_bمكتبة الانجلوالمصرية
300 _a30 ص ؛
_c25 ص
650 0 4 _aالادب العربى
650 0 4 _aالقصص العربية القصيرة
942 _2ddc
_cBK
999 _c8856
_d8856